00707nam a2200157Ia 4500008004100000100003200041245017900073245005400252260005300306260001400359300000800373650001500381856006100396999001900457952007300476170221s9999 xx 000 0 und d aSiti Norasyikin Abdul Hamid aMediating Role of Work Engagement on the Relationship between Person-Job Fit and Employees’ Retention: Evidence from Semiconductor Companies in Northern Region of Malaysia  cSiti Norasyikin Abdul Hamid, Khulida Kirana Yahya bInternational Review of Management and Marketing cJune 2013 a5:1 xMarketing. uhttp://www.econjournals.com/index.php/irmm/issue/view/91 c310270d310270 001040aCLbCLd2017-02-21l0r2017-02-21 00:00:00w2017-02-21yFOJ